000 00642nab a2200181 4500
001 244442
003 OSt
005 20240409115722.0
007 tu
008 200917s2020|||||||
040 _aDE-2950
_cDE-2950
245 0 0 _aKeine Fördermittel für die Sanierung de Hallenbades
_bInvestition. Frankfurt hatte sich beim Bund um finanzielle Unterstützung beworben - doch daraus wird nun nichts. Der OB hofft nun auf ein Landesprogramm/
_cThoma Gutke
264 _c2024
653 _aFrankfurt (Oder)
653 _aHallenbad
773 0 _g35. Jahrgang (2024) Nr. 70 vom 22.03.2024, S. 13 mit Foto
_tMärkische Oderzeitung
942 _2z
_cA
999 _c373044
_d373044